| 000 | 02043nkm0a2200445 4500 | ||
|---|---|---|---|
| 001 | RU\NLR\BIBL_A\012386996 | ||
| 005 | 20260406152419.0 | ||
| 035 | _a(NLR Aleph) 012386996 | ||
| 090 |
_a13555441 _c13555441 |
||
| 100 | _a20260308 rusy50 | ||
| 101 | 0 | _arus | |
| 102 | _aRU | ||
| 116 | _aiiydxx cb zz | ||
| 135 | _acrcn 024anaba | ||
| 200 | 1 |
_aОбраз Страшнаго Суда Божия _bИзоматериал _e[лубок] |
|
| 210 |
_a[Москва _d17--] |
||
| 215 |
_aНа 4 склеен. л. _cграв. резцом, офорт _d65,5х60 ; 76х56,2 |
||
| 316 |
_aЭкз. раскраш. _5NLR |
||
| 317 |
_aИз собрания М.П. Погодина _5NLR |
||
| 325 | _aКопия доступна в Электрон. б-ке РНБ | ||
| 606 | 1 |
_aЛубок русский _z18 в. _92397267 _3RU\NLR\AUTH\6601649195 |
|
| 686 | 1 | _aЩ153(2Р=Рус)4-465 | |
| 702 | 1 |
_4390 _8rus _7ca _aПогодин _bМ. П. _f1800-1875 _gМихаил Петрович _3RU\NLR\AUTH\775939 _9115896 |
|
| 830 | _aРовинский Д.А. Русские народные картинки : кн. 1-5. Санкт-Петербург : тип. Акад. наук, 1881. Т. 3. № 1007в. М.М. ОЭст | ||
| 852 | 0 | 0 |
_aNLR _bЭ _jПог-Л/2-197 _mЭг567 |
| 856 | 0 | _uhttps://vivaldi.nlr.ru/lk000011552/view | |
| 856 | 1 | _uhttps://vivaldi.nlr.ru/lk000011552/cover | |
| 856 | 2 | _uhttps://vivaldi.nlr.ru/lk000011552/text | |
| 942 | _cVISUAL | ||
| 980 | 3 | _akplubok | |
| 980 | 3 | _akp2021 | |
| 980 | 3 | _akp | |
| 980 | _aNB | ||
| 981 | 2 | 0 |
_a(20) Книжные памятники РНБ _b(20) Отдел эстампов |
| 981 | 1 | 7 |
_a(17) Изографические материалы _b(17) Эстампы |